000 00445 a2200169 4500
001 75417
005 20260127145329.0
010 _a978-989-648-741-6
090 _a75417
100 _a20260127d2016 c||y0pory50 ba
200 _aMartine vai s̉ compras
_fGilbert Delahaye
_gMarcel Marlier
205 _a1®ed
210 _aLisboa
_cZero a oito
_d2016
215 _a21p.
675 _a82
_v1®ed
702 _aMarlier
_bMarcel
_f1930-2011
_4440
_929823
942 _cMON
_n0